Loading...
Science - Biology | 2 | 3 | 3 | 1 | 45 | 51 | 83.60 | 3 | 5 |
Science - Other Science | 0 | 3 | 0 | 1 | 30 | 80 | 104.33 | 0 | 3 |
Science - Chemistry | 0 | 3 | 2 | 1 | 20 | 106 | 116.00 | 0 | 3 |
Literature - British Literature | 1 | 0 | 0 | 0 | 15 | 91 | 91.00 | 1 | 1 |
Science - Physics | 0 | 2 | 1 | 0 | 15 | 72 | 77.50 | 0 | 2 |
Literature - European Literature | 0 | 1 | 0 | 0 | 10 | 114 | 114.00 | 0 | 1 |
Social Science | 0 | 1 | 0 | 1 | 10 | 146 | 146.00 | 1 | 1 |
Literature - American Literature | 0 | 1 | 0 | 0 | 10 | 117 | 117.00 | 0 | 1 |
History - American History | 0 | 1 | 0 | 0 | 10 | 104 | 104.00 | 1 | 1 |
Fine Arts - Auditory Fine Arts | 0 | 1 | 1 | 1 | 5 | 132 | 132.00 | 0 | 1 |
Religion | 0 | 0 | 1 | 0 | -5 | 0.00 | 0 | 0 | |
Literature - World Literature | 0 | 0 | 1 | 0 | -5 | 0.00 | 0 | 0 |